000 00860nam a2200253 n 4500
001 C2-0273548
003 PPAK
005 20240423145536.0
008 060809b my a f | 0 may d
020 _qpaperback
040 _aPPAK
_beng
_cPPAK
_erda
082 0 4 _223
_a899.2309
090 0 0 _a899.2309
_bMOH
_dKK
090 2 0 _a899.2309
_bMOH
_dKWS
100 0 _aMohamad Abu Bakar,
_eauthor.
245 1 0 _aFO-LO-AN (KUALA BERANG) ......DARI SINI IA BERSEMI ...... :
_bSATU ANEKDOTA /
_cNUKILAN: MOHAMAD ABU BAKAR
264 1 _aTerengganu :
_bPercetakan Yayasan Islam Terengganu Sdn. Bhd.,
_c[date of publication not identified]
300 _a[19 pages] ;
_c21 cm
336 _2rdacontent
_atext
337 _2rdamedia
_aunmediated
338 _2rdacarrier
_avolume
650 1 0 _aMalay Literature
_vHistory and Critism
942 _cB
_2ddc
999 _c81453
_d81453